Normal view
MARC view
Entry Personal Name
001 - CONTROL NUMBER
- control field: 259370
003 - CONTROL NUMBER IDENTIFIER
- control field: OSt
005 - DATE AND TIME OF LATEST TRANSACTION
- control field: 20260326104701.0
008 - FIXED-LENGTH DATA ELEMENTS
- fixed length control field: 260326|| aca||aabn | a|a d
040 ## - CATALOGING SOURCE
- Original cataloging agency: OSt
- Transcribing agency: OSt
100 ## - HEADING--PERSONAL NAME
- Personal name: Krishna Hutheesing
- Dates associated with a name: कृष्णा हुथीसिंग
670 ## - SOURCE DATA FOUND
- Source citation: Work cat.: (OSt)148712: Krishna Hutheesing कृष्णा हुथीसिंग, Koyi shikayath nahin, 1947